[Event "Durban USSA op"]
[Site "Durban"]
[Date "2023.12.05"]
[Round "4"]
[White "Mbokazi, Banele"]
[Black "Hemeni, Simamnkele"]
[Result "0-1"]
[WhiteElo "1586"]
[BlackElo "1786"]
[PlyCount "62"]
[EventDate "2023.12.04"]
[EventType "swiss"]
[EventRounds "9"]
[EventCountry "RSA"]
[SourceTitle "CB50_2023"]
[SourceDate "2023.12.13"]
[SourceVersion "1"]
[SourceVersionDate "2023.12.13"]
[SourceQuality "1"]

1. e4 c5 2. Nf3 d6 3. d4 cxd4 4. Nxd4 Nf6 5. Nc3 Nc6 6. Be3 e5 7. Nb3 Be6 8. Be2 d5 9. exd5 Nxd5 10. Nxd5 Bxd5 11. 0-0 Be7 12. Qd3 0-0 13. Rfd1 Nb4 14. Qf5 Qc7 15. c3 Be6 16. Qb1 Nd5 17. Qe4 Rfd8 18. Qc4 Qxc4 19. Bxc4 Nxe3 20. Rxd8+ Rxd8 21. Rc1 Nc2 22. f3 Bg5 23. f4 Bxf4 24. Rxc2 Be3+ 25. Kf1 Bg1 26. h3 Rd3 27. Rd2 Rg3 28. Rd7 b5 29. Nd2 Rf3+ 30. Ke1 Rf2 31. Rxa7 Rf1+ 0-1